Statistics for Countries That Border Only One Country

Click here to take the quiz!

General Stats

  • This quiz has been taken 153 times
    (152 since last reset)
  • The average score is 14 of 17

Answer Stats

Country% Correct
Canada
94%
Ireland
90%
South Korea
89%
United Kingdom
89%
Lesotho
88%
San Marino
87%
Portugal
85%
Vatican
85%
Dominican Republic
84%
Haiti
83%
Denmark
82%
Papua New Guinea
79%
Qatar
75%
Monaco
74%
East Timor
72%
Brunei
69%
Gambia
63%

Score Distribution

Percentile by Number Answered

Percent of People with Each Score

Your Score History

You have not taken this quiz since the last reset